Score 0/18 Timer 10:00
0 Plays Today
% Correct
nyan cat
62.5%
pedobear
55.6%
rage comics
55.6%
lolcats
55.6%
o rly
55.6%
this is sparta
44.4%
shoop da whoop
33.3%
rick roll d
33.3%
all your base are belong to us
33.3%
% Correct
its over 9000
33.3%
epic fail
33.3%
malleo and weegee
33.3%
mudkipz
22.2%
cheezburger
22.2%
leekspin
22.2%
philosoraptor
22.2%
friday
12.5%
awesome face
11.1%
Remove Ads.
Support Sporcle.
Get the best of Sporcle when you Go Orange. This ad-free experience offers more features, more stats, and more fun while also helping to support Sporcle. Thank you for becoming a member.

You're not logged in!

Compare scores with friends on all Sporcle quizzes.
OR
Log In

Show Comments

Extras

Created Jul 13, 2012ReportNominate
Tags:Popular Quiz, meme

Top Quizzes Today


Score Distribution

Your Account Isn't Verified!

In order to create a playlist on Sporcle, you need to verify the email address you used during registration. Go to your Sporcle Settings to finish the process.

Report this User

Report this user for behavior that violates our Community Guidelines.

Details: